Pathien Lekhabu Inthieng (Record no. 6880)

MARC details
000 -LEADER
fixed length control field 00429nam a2200169Ia 4500
003 - CONTROL NUMBER IDENTIFIER
control field GBCCL
005 - DATE AND TIME OF LATEST TRANSACTION
control field 20251201141033.0
008 - FIXED-LENGTH DATA ELEMENTS--GENERAL INFORMATION
fixed length control field 180702b ||||| |||| 00| 0 eng d
020 ## - INTERNATIONAL STANDARD BOOK NUMBER
International Standard Book Number 8122107295
040 ## - CATALOGING SOURCE
Transcribing agency GB
082 ## - DEWEY DECIMAL CLASSIFICATION NUMBER
Classification number VER 220.5954
Item number HMA 1
245 ## - TITLE STATEMENT
Title Pathien Lekhabu Inthieng
260 ## - PUBLICATION, DISTRIBUTION, ETC.
Date of publication, distribution, etc. 2003.
Place of publication, distribution, etc. Bangalore:
Name of publisher, distributor, etc. Bible Society of India,
300 ## - PHYSICAL DESCRIPTION
Extent 1106, 392p.
650 ## - SUBJECT ADDED ENTRY--TOPICAL TERM
Topical term or geographic name entry element Bible
Form subdivision Hmar
9 (RLIN) 12299
942 ## - ADDED ENTRY ELEMENTS (KOHA)
Edition HMAR
Source of classification or shelving scheme Dewey Decimal Classification
Koha item type Reference Books
Holdings
Withdrawn status Lost status Source of classification or shelving scheme Damaged status Not for loan Home library Current Library Shelving location Date acquired Total checkouts Full call number Barcode Date last seen Copy number Price effective from Koha item type
    Dewey Decimal Classification     GRACE BIBLE COLLEGE GRACE BIBLE COLLEGE Bible 2018-07-02   VER 220.5954 HMA 011955 2025-05-01 c.1 2018-07-02 Reference Books
© Grace Bible College Library 2025